| 000 | 00777nam a22002297a 4500 | ||
|---|---|---|---|
| 999 |
_c5544 _d5544 |
||
| 003 | AR-CdUCM | ||
| 008 | 190312b ||||| |||| 00| 0 spa d | ||
| 040 |
_aMUNICIPALIDAD PROVINCIAL DEL CUSCO _cBIBLIOTECA MUNICIPAL DEL CUSCO |
||
| 082 |
_a149 / _bC554 |
||
| 100 |
_aChinmoy, Sri _916613 |
||
| 245 | _aComentario del Bhagavad Gita / | ||
| 260 |
_aEcuador : _bAriel ; _c1976. |
||
| 300 |
_a157 pƔginas : _c21cm |
||
| 440 |
_aAriel Esoterica _n19 _916614 |
||
| 505 | _aContenido: Conocimiento -- El secreto supremo -- Krishna, el eterno misterio -- Abstención y renunciamiento -- Conocimiento iluminado... | ||
| 650 |
_aConocimiento _95704 |
||
| 650 |
_aConciencia _911784 |
||
| 650 |
_aKrishna _916615 |
||
| 650 |
_aDharma _916616 |
||
| 942 |
_2ddc _cLIBROS |
||
| 945 | _anom | ||